|
|
|
|
| LEADER |
01263nam a2200385 a 4500 |
| 001 |
000482369 |
| 003 |
CZ BrMZK |
| 005 |
20220621140020.0 |
| 007 |
ta |
| 008 |
010907s2000 xr e j cze d |
| 015 |
|
|
|a cnb000885053
|
| 020 |
|
|
|a 80-7252-021-0
|
| 035 |
|
|
|a (OCoLC)84995454
|
| 040 |
|
|
|a BOA001
|b cze
|
| 072 |
|
7 |
|a 00
|x Věda. Všeobecnosti. Základy vědy a kultury. Vědecká práce
|2 Konspekt
|9 12
|
| 080 |
|
|
|a 124.6
|2 MRF
|
| 080 |
|
|
|a 001.94
|2 MRF
|
| 080 |
|
|
|a 2-145.55
|2 MRF
|
| 080 |
|
|
|a 171
|2 MRF
|
| 080 |
|
|
|a 17.02
|2 MRF
|
| 080 |
|
|
|a (0:82-32)
|2 MRF
|
| 100 |
1 |
|
|a Millman, Dan,
|d 1946-
|7 mzk2003171530
|4 aut
|
| 245 |
1 |
0 |
|a Osudové zásahy :
|b skutečné příběhy plné záhad a zázraků, které pozměnily lidské osudy /
|c Dan Millman & Doug Childers
|
| 260 |
|
|
|a Praha :
|b Práh,
|c 2000
|
| 300 |
|
|
|a 254 s. ;
|c 20 cm
|
| 650 |
0 |
7 |
|a osud
|7 ph123857
|2 czenas
|
| 650 |
0 |
7 |
|a záhady
|7 ph127721
|2 czenas
|
| 650 |
0 |
7 |
|a zázraky
|7 ph116811
|2 czenas
|
| 650 |
0 |
7 |
|a nevysvětlené jevy
|7 ph117239
|2 czenas
|
| 650 |
0 |
7 |
|a životní problémy
|7 ph128029
|2 czenas
|
| 650 |
0 |
7 |
|a životní moudrost
|7 ph128026
|2 czenas
|
| 655 |
|
7 |
|a příběhy
|7 fd133204
|2 czenas
|
| 700 |
1 |
|
|a Childers, Douglas
|7 kv2008437786
|4 aut
|
| 910 |
|
|
|a BOA001
|b 2-1074.625
|
| 990 |
|
|
|a BK
|